[Event "Airthings Masters KO 2020"]
[Site "chess24.com INT"]
[Date "2020.12.30"]
[Round "1.33"]
[White "Nepomniachtchi, I"]
[Black "Radjabov, T"]
[Result "1/2-1/2"]
[WhiteElo "2784"]
[BlackElo "2765"]
[EventDate "2020.12.29"]
[WhiteTitle "GM"]
[BlackTitle "GM"]
[WhiteFideId "4168119"]
[BlackFideId "13400924"]

1.d4 Nf6 2.c4 g6 3.Nc3 Bg7 4.e4 d6 5.Nf3 O-O 6.Be2 Na6 7.Be3 e5 8.O-O c6 
9.h3 exd4 10.Nxd4 Re8 11.Qc2 Qe7 12.Rfe1 Nc5 13.Bf3 a5 14.Rad1 Nfd7 15.Bf4
Bxd4 16.Rxd4 Ne6 17.Be3 Nxd4 18.Bxd4 Ne5 19.Be2 g5 20.Qd2 f6 21.b3 Be6 22.
Rd1 Rad8 23.Bb6 Rd7 24.Bxa5 Ng6 25.Bf1 h5 26.Bb4 c5 27.Ba3 g4 28.Nd5 Qf7 
29.hxg4 hxg4 30.Nf4 Ne5 31.Bb2 Qg7 32.Be2 Bf7 33.Qe3 Qg5 34.Qg3 Rdd8 35.
Bc1 Qg7 36.Bb2 Qg5 37.a4 Bg6 38.Nxg6 Qxg6 39.Qf4 Kg7 40.Rd5 Rh8 41.Bxe5 
dxe5 42.Qxg4 Qxg4 43.Bxg4 Rxd5 44.cxd5 b6 45.f3 Kf7 46.d6 Rd8 47.d7 Ke7 
48.Kf2 c4 49.bxc4 Ra8 50.Ke3 Rxa4 51.Kd3 Ra3+ 52.Kc2 Ra2+ 53.Kb3 Rxg2 54.
Kb4 Rb2+ 55.Kc3 Rb1 56.Kc2 Rb4 57.Kd3 b5 58.cxb5 Rxb5 59.Kc4 Rb6 60.Kc5 
Rd6 61.Kb5 Rd4 62.Kc5 Rd6 63.Kc4 Rd4+ 64.Kc3 Rd6 65.Bf5 Rd4 66.Bg4 Rd6 67.
Kc4 Rd4+ 68.Kc5 Rd6 1/2-1/2

[Event "Airthings Masters KO 2020"]
[Site "chess24.com INT"]
[Date "2021.01.02"]
[Round "3.14"]
[White "Aronian, L"]
[Black "Radjabov, T"]
[Result "0-1"]
[WhiteElo "2781"]
[BlackElo "2765"]
[EventDate "2020.12.29"]
[WhiteTitle "GM"]
[BlackTitle "GM"]
[WhiteFideId "13300474"]
[BlackFideId "13400924"]

1.e4 e5 2.Nf3 Nc6 3.Bb5 Nf6 4.O-O Nxe4 5.d4 Nd6 6.Bxc6 dxc6 7.dxe5 Nf5 8.
Qxd8+ Kxd8 9.h3 Bd7 10.Rd1 Kc8 11.g4 Ne7 12.Ng5 Be8 13.f4 c5 14.Nc3 b6 15.
f5 Nc6 16.Bf4 Nd4 17.Kf2 h6 18.Nf3 Nxc2 19.Rac1 Nb4 20.a3 Nc6 21.Nd5 Ne7 
22.Ne3 Nc6 23.f6 Bd7 24.b4 g5 25.Bg3 Be6 26.Rd3 Kb7 27.Rdc3 Rd8 28.Nf5 a5 
29.b5 Na7 30.a4 c6 31.bxc6+ Nxc6 32.Ke2 Nb4 33.Rd1 Rxd1 34.Kxd1 Nd5 35.Ra3
c4 36.Nd6+ Bxd6 37.exd6 Rd8 38.Be5 Nb4 39.Bg3 Nd3 40.Nd4 Bd7 41.Kd2 Re8 
42.Nc2 Nc5 43.Re3 Ne4+ 44.Kc1 Nxg3 45.Rxg3 Re6 46.Rc3 Rxf6 47.Rxc4 Rxd6 
48.Kb2 Rd3 0-1

[Event "Airthings Masters KO 2020"]
[Site "chess24.com INT"]
[Date "2021.01.02"]
[Round "3.13"]
[White "Radjabov, T"]
[Black "Aronian, L"]
[Result "1/2-1/2"]
[WhiteElo "2765"]
[BlackElo "2781"]
[EventDate "2020.12.29"]
[WhiteTitle "GM"]
[BlackTitle "GM"]
[WhiteFideId "13400924"]
[BlackFideId "13300474"]

1.d4 Nf6 2.c4 e6 3.Nf3 d5 4.Nc3 Bb4 5.Bg5 dxc4 6.e4 c5 7.Bxc4 cxd4 8.Nxd4 
Bxc3+ 9.bxc3 Qa5 10.Bb5+ Nbd7 11.Bxf6 Qxc3+ 12.Kf1 gxf6 13.h4 Qb4 14.Rh3 
a6 15.Be2 Ne5 16.Rb1 Qd6 17.Rc3 Bd7 18.Rxb7 O-O 19.f4 Ng6 20.g3 Rfb8 21.
Rxb8+ Rxb8 22.Nb3 Qb4 23.Rc4 Qe7 24.Rc7 Nf8 25.Nc5 Rc8 26.Rxc8 Bxc8 27.Qc2
Qd6 28.Qc4 Qb6 29.Nb3 Bb7 30.Qc5 Qd8 31.Qb4 Bc6 32.Qd4 Nd7 33.Qd6 Qc8 34.
Nd4 Bb7 35.Nb3 Bxe4 36.Qxa6 Qc3 37.Qc4 Qe3 38.Qd4 Bg2+ 39.Kxg2 Qxe2+ 40.
Qf2 Qe4+ 41.Kh2 f5 42.Nc5 Nxc5 43.Qxc5 Qe2+ 44.Kh3 Qxa2 45.Qc8+ Kg7 46.
Qc3+ Kg8 47.Qc8+ Kg7 48.Qc3+ Kg8 49.Qc8+ 1/2-1/2

[Event "Airthings Masters KO 2020"]
[Site "chess24.com INT"]
[Date "2021.01.02"]
[Round "3.11"]
[White "Radjabov, T"]
[Black "Aronian, L"]
[Result "1/2-1/2"]
[WhiteElo "2765"]
[BlackElo "2781"]
[EventDate "2020.12.29"]
[WhiteTitle "GM"]
[BlackTitle "GM"]
[WhiteFideId "13400924"]
[BlackFideId "13300474"]

1.d4 Nf6 2.c4 e6 3.Nf3 d5 4.Nc3 Bb4 5.Bg5 dxc4 6.e4 c5 7.Bxc4 cxd4 8.Nxd4 
Bxc3+ 9.bxc3 Qa5 10.Bb5+ Nbd7 11.Bxf6 Qxc3+ 12.Kf1 gxf6 13.h4 Qb4 14.Rh3 
a6 15.Be2 Ne5 16.Rb1 Qd6 17.Rc3 O-O 18.h5 Rd8 19.Rg3+ Kf8 20.Qb3 Qc5 21.
Nf3 Ke7 22.Nxe5 Qxe5 23.Qa3+ Qd6 24.Qe3 Qd2 25.Qc5+ Qd6 26.Qc3 Qe5 27.Qa3+
Qd6 28.Qc1 Bd7 29.Rxb7 Rac8 30.Qb2 Qe5 31.Qa3+ Qc5 32.Bxa6 Qxa3 33.Rxa3 
Kf8 34.Bd3 Rc5 35.g4 e5 36.f3 Kg7 37.Ke2 Be6 38.Rb2 Rc1 39.Ke3 Kh6 40.Rc2 
Ra1 41.Bc4 Rc8 42.Rac3 Rxc4 43.Rxc4 Bxc4 44.Rxc4 Rxa2 45.Rc7 1/2-1/2

[Event "Airthings Masters KO 2020"]
[Site "chess24.com INT"]
[Date "2020.12.29"]
[Round "1.12"]
[White "Radjabov, T"]
[Black "Nepomniachtchi, I"]
[Result "1/2-1/2"]
[WhiteElo "2765"]
[BlackElo "2784"]
[EventDate "2020.12.29"]
[WhiteTitle "GM"]
[BlackTitle "GM"]
[WhiteFideId "13400924"]
[BlackFideId "4168119"]

1.Nf3 c5 2.c4 Nc6 3.e3 Nf6 4.Nc3 e6 5.d4 d5 6.cxd5 Nxd5 7.Bd3 Be7 8.O-O 
O-O 9.Re1 b6 10.Nxd5 exd5 11.dxc5 bxc5 12.Bd2 Qb6 13.Bc3 Rd8 14.h3 Be6 15.
Qa4 a5 16.Qf4 d4 17.exd4 cxd4 18.Bd2 Nb4 19.Bxb4 axb4 20.Rac1 Qd6 21.Qe4 
g6 22.Bc4 Bxc4 23.Rxc4 Bf8 24.Rxd4 Qa6 25.a3 bxa3 26.bxa3 Qxa3 27.Rxd8 
Rxd8 28.g3 Qb4 29.Qxb4 Bxb4 30.Re2 Kf8 31.Kg2 Re8 32.Rxe8+ Kxe8 33.Ng1 Kf8
34.Nf3 Kg8 35.Ng1 Bf8 36.Nf3 Bg7 37.Ng1 Bf8 38.Nf3 Bg7 39.Ng1 Bf8 1/2-1/2

[Event "Airthings Masters KO 2020"]
[Site "chess24.com INT"]
[Date "2020.12.30"]
[Round "1.22"]
[White "Nepomniachtchi, I"]
[Black "Radjabov, T"]
[Result "1/2-1/2"]
[WhiteElo "2784"]
[BlackElo "2765"]
[EventDate "2020.12.29"]
[WhiteTitle "GM"]
[BlackTitle "GM"]
[WhiteFideId "4168119"]
[BlackFideId "13400924"]

1.d4 Nf6 2.c4 e6 3.Nc3 Bb4 4.f3 d5 5.a3 Bxc3+ 6.bxc3 c5 7.cxd5 Nxd5 8.dxc5
Qa5 9.e4 Nf6 10.Be3 O-O 11.a4 Nfd7 12.Kf2 Nxc5 13.Qd6 b6 14.Bb5 Ba6 15.Ne2
Bxb5 16.Bxc5 bxc5 17.Qxc5 Nd7 18.axb5 Qd8 19.Qd6 Qc8 20.Ra6 Nb6 21.Rha1 
Rd8 22.Qa3 Nc4 23.Qb4 Ne5 24.Kg1 h6 25.Nd4 Nd3 26.Qa3 Qc7 27.g3 Qe5 28.
Rxa7 Rxa7 29.Qxa7 Qg5 30.Nc6 Rd7 31.Qb6 Qd2 32.Rf1 Qxc3 33.Qe3 Qc2 34.f4 
Kh7 35.f5 exf5 36.Rxf5 f6 37.Rf1 Qc4 38.e5 Nxe5 39.Nxe5 fxe5 40.Qxe5 Rd5 
41.Qe6 Qd4+ 42.Kg2 Rxb5 43.Rf2 Qd5+ 44.Qxd5 Rxd5 1/2-1/2

[Event "Airthings Masters KO 2020"]
[Site "chess24.com INT"]
[Date "2020.12.31"]
[Round "2.12"]
[White "Dubov, Daniil"]
[Black "Radjabov, T"]
[Result "1/2-1/2"]
[WhiteElo "2702"]
[BlackElo "2765"]
[EventDate "2020.12.29"]
[WhiteTitle "GM"]
[BlackTitle "GM"]
[WhiteFideId "24126055"]
[BlackFideId "13400924"]

1.d4 Nf6 2.c4 e6 3.Nf3 Bb4+ 4.Nbd2 O-O 5.g3 b6 6.Bg2 Bb7 7.O-O d5 8.Ne5 a5
9.Qc2 Nbd7 10.cxd5 Nxe5 11.dxe5 Nxd5 12.Nf3 Be7 13.a3 c5 14.Rd1 Qb8 15.h4 
h6 16.e4 Nc7 17.Bf4 Rd8 18.h5 Rxd1+ 19.Rxd1 Qe8 20.Be3 Rd8 21.Nd2 Ba6 22.
Bf1 Bxf1 23.Kxf1 Qc6 24.a4 b5 25.axb5 Qxb5+ 26.Ke1 Na6 27.Qc4 Qb7 28.b3 
Nb4 29.Nf3 Rb8 30.Ke2 Nc6 31.Rd3 Nb4 32.Rd2 Nc6 33.Rd3 Nb4 34.Rd2 Nc6 35.
Rd3 1/2-1/2

[Event "Airthings Masters KO 2020"]
[Site "chess24.com INT"]
[Date "2020.12.31"]
[Round "2.14"]
[White "Dubov, Daniil"]
[Black "Radjabov, T"]
[Result "0-1"]
[WhiteElo "2702"]
[BlackElo "2765"]
[EventDate "2020.12.29"]
[WhiteTitle "GM"]
[BlackTitle "GM"]
[WhiteFideId "24126055"]
[BlackFideId "13400924"]

1.e4 c5 2.Nf3 Nc6 3.d4 cxd4 4.Nxd4 e5 5.Nb5 d6 6.N1c3 a6 7.Na3 b5 8.Nd5 
Nf6 9.Bg5 Be7 10.Bxf6 Bxf6 11.c3 Bg5 12.Nc2 Rb8 13.h4 Bh6 14.Be2 O-O 15.
Bg4 Be6 16.Kf1 Qd7 17.Bf5 Kh8 18.Qh5 Bxf5 19.exf5 f6 20.Rd1 a5 21.Rh3 Rbe8
22.Rhd3 e4 23.Nxf6 Rxf6 24.Rxd6 Rxf5 25.Rxc6 Rxf2+ 26.Kxf2 Qxc6 27.Kg1 b4 
28.cxb4 axb4 29.Nxb4 Qb6+ 30.Kh1 Rf8 31.a3 e3 32.Qe5 Qg6 33.Nd5 Qc2 34.Rg1
Qf2 35.Qe7 e2 36.Nc3 Bg5 37.Qxg5 e1=Q 38.Rxe1 Qxe1+ 39.Kh2 h6 40.Qg3 Qc1 
41.Qd6 Rf1 42.Qd8+ Kh7 43.Qd3+ Kh8 44.Ne4 Rh1+ 45.Kg3 Qxb2 46.Qd8+ Kh7 47.
Qd3 Qe5+ 48.Kg4 Qe6+ 49.Kf4 Rxh4+ 50.Ke3 Rg4 51.Kf3 Qf5+ 52.Ke3 Qf4+ 53.
Kd4 Qd6+ 0-1

[Event "Airthings Masters KO 2020"]
[Site "chess24.com INT"]
[Date "2021.01.02"]
[Round "3.12"]
[White "Aronian, L"]
[Black "Radjabov, T"]
[Result "1/2-1/2"]
[WhiteElo "2781"]
[BlackElo "2765"]
[EventDate "2020.12.29"]
[WhiteTitle "GM"]
[BlackTitle "GM"]
[WhiteFideId "13300474"]
[BlackFideId "13400924"]

1.e4 c5 2.Nf3 Nc6 3.Bb5 e6 4.Bxc6 bxc6 5.d3 Qc7 6.O-O Ne7 7.h4 e5 8.h5 d6 
9.Nh2 h6 10.f4 exf4 11.Bxf4 g5 12.Bd2 Bg7 13.Bc3 O-O 14.Bxg7 Kxg7 15.Qe1 
Be6 16.Qc3+ Kh7 17.Nd2 f5 18.Rae1 f4 19.e5 d5 20.Qxc5 Qb6 21.Nb3 Kg7 22.
Rf2 Rae8 23.Nd4 Nf5 24.Qxb6 axb6 25.Nxc6 Rc8 26.Nb4 d4 27.Nf1 Rc5 28.Nd2 
Ne3 29.Nf3 Rd8 30.a3 Ng4 31.Rfe2 Ne3 32.Rf2 Ng4 33.Rfe2 Ne3 34.Rf2 1/2-1/2

[Event "Airthings Masters KO 2020"]
[Site "chess24.com INT"]
[Date "2021.01.01"]
[Round "2.22"]
[White "Radjabov, T"]
[Black "Dubov, Daniil"]
[Result "1-0"]
[WhiteElo "2765"]
[BlackElo "2702"]
[EventDate "2020.12.29"]
[WhiteTitle "GM"]
[BlackTitle "GM"]
[WhiteFideId "13400924"]
[BlackFideId "24126055"]

1.Nf3 Nf6 2.c4 b6 3.d4 Bb7 4.g3 g6 5.Bg2 Bg7 6.O-O O-O 7.Nc3 Ne4 8.Nxe4 
Bxe4 9.Be3 c5 10.Qd2 d6 11.Bh6 Nd7 12.Rfd1 Nf6 13.Bxg7 Kxg7 14.Rac1 Qc7 
15.Nh4 Rab8 16.Bxe4 Nxe4 17.Qe3 Nf6 18.Qg5 Kh8 19.Qh6 Rfc8 20.Nf3 Kg8 21.
b3 a6 22.Ng5 Qd8 23.Nf3 Qd7 24.Kg2 Qe6 25.Rd2 Qe4 26.Kf1 Rc7 27.Rd3 Qf5 
28.Kg2 Qe4 29.Kf1 Rbc8 30.d5 b5 31.h3 Rb8 32.g4 e5 33.dxe6 Qxe6 34.Qf4 Ne8
35.Re3 Qd7 36.Ng5 d5 37.cxd5 Qxd5 38.Kg1 c4 39.bxc4 bxc4 40.Ne4 Rcb7 41.
Rxc4 Rb1+ 42.Kh2 Qd1 43.Kg3 h5 44.Rf3 f5 45.gxf5 Qh1 46.Kh4 Rg1 47.Rg3 Rb5
48.Rc8 1-0

[Event "Airthings Masters KO 2020"]
[Site "chess24.com INT"]
[Date "2020.12.30"]
[Round "1.24"]
[White "Nepomniachtchi, I"]
[Black "Radjabov, T"]
[Result "1-0"]
[WhiteElo "2784"]
[BlackElo "2765"]
[EventDate "2020.12.29"]
[WhiteTitle "GM"]
[BlackTitle "GM"]
[WhiteFideId "4168119"]
[BlackFideId "13400924"]

1.d4 Nf6 2.c4 g6 3.Nc3 Bg7 4.e4 d6 5.Be2 O-O 6.Be3 Na6 7.Nf3 e5 8.O-O Ng4 
9.Bg5 Qe8 10.d5 f5 11.Nd2 h6 12.Bh4 g5 13.Bg3 Nf6 14.f3 f4 15.Bf2 Qg6 16.
g4 fxg3 17.hxg3 Bd7 18.g4 h5 19.Be3 Rf7 20.Rf2 Raf8 21.Rg2 hxg4 22.fxg4 
Bh8 23.Nf1 Rh7 24.Ng3 Rh3 25.Bf3 Qh6 26.Qd2 Nh7 27.Rf1 Qh4 28.Nce2 Rf4 29.
Rff2 Nf6 30.Kf1 Bg7 31.Bxf4 exf4 32.Nf5 Bxf5 33.exf5 Nc5 34.Ng1 Nce4 35.
Qe1 Ng3+ 36.Rxg3 fxg3 37.Nxh3 gxf2 38.Nxf2 Kf8 39.Kg2 Bh8 40.Qe6 Ne8 41.
Nd3 b6 42.b4 Bd4 43.Qe4 Qh8 44.Bd1 Bc3 45.c5 Qd4 46.Qxd4 Bxd4 47.c6 Nf6 
48.Bf3 Ke7 49.Ne1 Bc3 50.Nc2 a6 51.Kf2 b5 52.Ke3 Ng8 53.Kd3 Bb2 54.Ne1 Kf6
55.Ke4 Bc3 56.Nc2 Ke7 57.Kd3 Bb2 58.Ne1 Kf6 59.Kc2 Bd4 60.Nd3 Ne7 61.Kb3 
Nc8 62.a4 bxa4+ 63.Kxa4 Nb6+ 64.Ka5 Nc4+ 65.Kxa6 Ne5 66.Nxe5 Kxe5 67.Kb7 
Bb6 68.Kc8 Kf6 69.Kd8 Kf7 70.Be2 Kf6 71.Ba6 Kf7 72.Bc8 Kf6 73.Be6 1-0

[Event "Airthings Masters KO 2020"]
[Site "chess24.com INT"]
[Date "2020.12.29"]
[Round "1.11"]
[White "Nepomniachtchi, I"]
[Black "Radjabov, T"]
[Result "1/2-1/2"]
[WhiteElo "2784"]
[BlackElo "2765"]
[EventDate "2020.12.29"]
[WhiteTitle "GM"]
[BlackTitle "GM"]
[WhiteFideId "4168119"]
[BlackFideId "13400924"]

1.d4 Nf6 2.c4 e6 3.Nc3 d5 4.cxd5 exd5 5.Bg5 Be7 6.e3 c6 7.Bd3 O-O 8.Qc2 
Nbd7 9.Nge2 Re8 10.O-O Nf8 11.f3 g6 12.Rad1 Ne6 13.Bh4 b5 14.Kh1 Bb7 15.
Bf2 Rc8 16.Nf4 Nxf4 17.exf4 Bd6 18.Ne2 Nh5 19.f5 Qc7 20.g3 b4 21.Qd2 a5 
22.Rfe1 Rcd8 23.Kg2 Bc8 24.Ng1 Ng7 25.fxg6 hxg6 26.Nh3 c5 27.g4 c4 28.Bb1 
Ne6 29.Bh4 c3 30.bxc3 bxc3 31.Qf2 Be7 32.Bg3 Bd6 33.Rc1 Bxg3 34.hxg3 Qc4 
35.Re3 Qxd4 36.Rexc3 Qf6 37.Ra3 d4 38.Be4 d3 39.Rxd3 Rxd3 40.Bxd3 Bb7 41.
Re1 Rd8 42.Be4 Bxe4 43.Rxe4 Qc3 44.Nf4 Rd2 45.Re2 Rxe2 46.Qxe2 Nxf4+ 47.
gxf4 Kf8 48.a4 Qb4 49.Qe4 Qd2+ 50.Kg3 Qd1 51.f5 Qg1+ 52.Kf4 Qc1+ 53.Ke5 
Qc5+ 54.Qd5 f6+ 55.Ke4 gxf5+ 56.Qxf5 Qc4+ 57.Ke3 Qb3+ 58.Kf2 Qxa4 59.Qxf6+
Kg8 60.Kg3 Qb4 61.Qe6+ Kf8 62.g5 a4 63.Qe5 a3 64.g6 Kg8 65.Qe6+ Kg7 66.
Qf7+ Kh6 67.Kh3 Qb1 68.Qh7+ Kg5 69.f4+ Kxf4 70.Qh4+ Kf5 71.Qg4+ Kf6 72.
Qf3+ Kxg6 73.Qxa3 1/2-1/2

[Event "Airthings Masters KO 2020"]
[Site "chess24.com INT"]
[Date "2020.12.29"]
[Round "1.13"]
[White "Nepomniachtchi, I"]
[Black "Radjabov, T"]
[Result "1/2-1/2"]
[WhiteElo "2784"]
[BlackElo "2765"]
[EventDate "2020.12.29"]
[WhiteTitle "GM"]
[BlackTitle "GM"]
[WhiteFideId "4168119"]
[BlackFideId "13400924"]

1.d4 Nf6 2.c4 g6 3.Nc3 Bg7 4.g3 d5 5.cxd5 Nxd5 6.Bg2 Nxc3 7.bxc3 c5 8.Nf3 
cxd4 9.cxd4 Nc6 10.e3 O-O 11.O-O Be6 12.Qe2 Rc8 13.Rd1 Qd7 14.Rb1 Bf5 15.
e4 Bg4 16.Be3 Bxd4 17.e5 Qf5 18.Bxd4 Nxd4 19.Nxd4 Qxb1 20.Rxb1 Bxe2 21.
Nxe2 Rc2 22.Nf4 e6 23.Rxb7 Rd8 24.Bf1 Rd1 25.Kg2 Rdd2 26.Nh3 Rxa2 27.Bc4 
Rac2 28.Ba6 g5 29.g4 Ra2 30.Rxa7 h6 31.Ra8+ Kg7 32.Bb7 Rxa8 33.Bxa8 Re2 
34.Ng1 Rxe5 35.Bf3 f5 36.h3 Kf6 37.Ne2 Rc5 38.Ng3 Ke5 39.gxf5 exf5 40.Bh5 
1/2-1/2

[Event "Airthings Masters KO 2020"]
[Site "chess24.com INT"]
[Date "2021.01.03"]
[Round "3.22"]
[White "Radjabov, T"]
[Black "Aronian, L"]
[Result "1-0"]
[WhiteElo "2765"]
[BlackElo "2781"]
[EventDate "2020.12.29"]
[WhiteTitle "GM"]
[BlackTitle "GM"]
[WhiteFideId "13400924"]
[BlackFideId "13300474"]

1.d4 Nf6 2.c4 g6 3.Nc3 d5 4.Bg5 Ne4 5.Bf4 Nxc3 6.bxc3 c5 7.e3 Nc6 8.cxd5 
Qxd5 9.Qf3 Qd7 10.Bb5 a6 11.Bxc6 Qxc6 12.Qxc6+ bxc6 13.Nf3 Bg7 14.Ne5 Bf5 
15.f3 Bxe5 16.Bxe5 f6 17.Bg3 Bd3 18.Rd1 c4 19.Rd2 Kf7 20.Rb2 Rhd8 21.e4 c5
22.dxc5 Rac8 23.Bf2 f5 24.exf5 gxf5 25.Be3 f4 26.Bxf4 Rxc5 27.Kf2 Rb5 28.
Rxb5 axb5 29.a3 Ra8 30.Ra1 Ra6 31.g4 Ke6 32.h4 Kd5 33.h5 e5 34.Be3 Ra8 35.
Bg5 Ke6 36.Bh4 Kd5 37.Ke3 Ke6 38.Ra2 Kd5 39.Be7 Ke6 40.Bb4 h6 41.Rb2 Bh7 
42.Kf2 Bd3 43.Bc5 Kd5 44.Be3 Kc6 45.Ra2 e4 46.Bxh6 exf3 47.Kxf3 b4 48.cxb4
c3 49.Ke3 Bb1 50.Ra1 c2 51.Kf3 Kb5 52.a4+ Kxb4 53.a5 Ra6 54.Bc1 Rf6+ 55.
Kg2 Rd6 56.a6 Rd1 57.Be3 Rd3 58.Bc1 Rd1 59.Bh6 Rd6 60.a7 Rxh6 61.a8=Q c1=Q
62.Rxb1+ 1-0

[Event "Airthings Masters KO 2020"]
[Site "chess24.com INT"]
[Date "2020.12.30"]
[Round "1.31"]
[White "Radjabov, T"]
[Black "Nepomniachtchi, I"]
[Result "0-1"]
[WhiteElo "2765"]
[BlackElo "2784"]
[EventDate "2020.12.29"]
[WhiteTitle "GM"]
[BlackTitle "GM"]
[WhiteFideId "13400924"]
[BlackFideId "4168119"]

1.Nf3 d5 2.d4 Bf5 3.c4 e6 4.Nc3 Nc6 5.cxd5 exd5 6.Bf4 Bd6 7.Bg3 Nce7 8.Qb3
Nf6 9.e3 O-O 10.Bh4 Ne4 11.Bxe7 Qxe7 12.Nxd5 Qe6 13.Be2 Qh6 14.Nc3 Rae8 
15.Nxe4 Bxe4 16.Bd3 Bxf3 17.gxf3 Qh4 18.Kf1 Re6 19.Be4 Rfe8 20.Ke2 Rf6 21.
Raf1 Qh5 22.Qd5 Qh4 23.Rhg1 Rh6 24.Rg4 Qf6 25.Qxb7 Rxh2 26.Qb5 Qe7 27.Kd3 
c5 28.Rfg1 g6 29.R1g2 Rxg2 30.Rxg2 Rd8 31.dxc5 Be5+ 32.Ke2 Rb8 33.Qc4 
Rxb2+ 34.Kf1 Rd2 35.f4 Qh4 36.Ke1 Rb2 37.Rg3 Qh2 38.Bg2 Qg1+ 39.Bf1 Qxf2+ 
0-1

[Event "Airthings Masters KO 2020"]
[Site "chess24.com INT"]
[Date "2020.12.31"]
[Round "2.12"]
[White "Aronian, L"]
[Black "Vachier Lagrave, M"]
[Result "1/2-1/2"]
[WhiteElo "2781"]
[BlackElo "2784"]
[EventDate "2020.12.29"]
[WhiteTitle "GM"]
[BlackTitle "GM"]
[WhiteFideId "13300474"]
[BlackFideId "623539"]

1.d4 Nf6 2.Nf3 g6 3.Nc3 d5 4.Bf4 Bg7 5.e3 O-O 6.Nb5 Na6 7.h3 c6 8.Nc3 Nc7 
9.Bd3 b6 10.O-O Bb7 11.e4 c5 12.e5 Ne4 13.Re1 Ne6 14.Bh2 cxd4 15.Nb5 f6 
16.Nbxd4 Nxd4 17.Nxd4 Nxf2 18.Qe2 Ne4 19.Ne6 Qd7 20.Nxf8 Rxf8 21.Bxe4 dxe4
22.Qc4+ Bd5 23.Rad1 e6 24.Qxe4 Qc6 25.Qe2 Qc5+ 26.Qe3 Qxc2 27.Rd2 Qc4 28.
b3 Qb4 29.exf6 Bxf6 30.Rf1 Rf7 31.Bg3 h5 32.Rdd1 Qa3 33.Rf2 Be7 34.Rxf7 
Bc5 35.Qxc5 Qxc5+ 36.Rf2 g5 37.h4 Qe3 38.Kh2 gxh4 39.Bxh4 Qe4 40.Bg5 Qg4 
41.Rd3 h4 42.Bf6 Kf7 43.Rh3 Ke8 44.Rxh4 Qg6 45.Be5 Kd7 46.Bg3 Kc6 47.Rh3 
a5 48.Bf4 Kb5 49.Rg3 Qf6 50.Be3 Qe5 51.Rf8 Qh5+ 52.Kg1 Qe5 53.Kh2 Qc7 54.
Rf2 Ka6 55.Bf4 Qh7+ 56.Rh3 Qe4 57.Rg3 b5 58.Be3 Qh7+ 59.Rh3 Qg7 60.Rg3 
Qh8+ 61.Rh3 Qe5+ 62.Bf4 Qe4 63.Bg3 b4 64.Rh4 Qg6 65.Rh8 Qg7 66.Rh4 Kb5 67.
Rd2 Qg5 68.Rc2 Qf5 69.Rf2 Qg6 70.Rh8 Qg7 71.Rh5 Qg6 72.Rh8 Qg7 73.Rh5 Qg6 
74.Rh8 1/2-1/2

[Event "Airthings Masters KO 2020"]
[Site "chess24.com INT"]
[Date "2020.12.31"]
[Round "2.11"]
[White "Radjabov, T"]
[Black "Dubov, Daniil"]
[Result "1/2-1/2"]
[WhiteElo "2765"]
[BlackElo "2702"]
[EventDate "2020.12.29"]
[WhiteTitle "GM"]
[BlackTitle "GM"]
[WhiteFideId "13400924"]
[BlackFideId "24126055"]

1.Nf3 d5 2.d4 Nf6 3.c4 e6 4.Nc3 c6 5.Bg5 h6 6.Bxf6 Qxf6 7.e3 Nd7 8.Rc1 Bd6
9.Bd3 dxc4 10.Bxc4 O-O 11.O-O Qe7 12.Qc2 b6 13.Ne4 Bb7 14.Nxd6 Qxd6 15.
Rfd1 Qe7 16.Bd3 Rfc8 17.Bh7+ Kh8 18.Be4 Kg8 19.Qa4 a6 20.Nd2 Rc7 21.a3 c5 
22.Bxb7 Rxb7 23.Qc6 Rab8 24.Nf3 Qe8 25.h3 Qc8 26.Qa4 Rc7 27.dxc5 Rxc5 28.
Rxc5 Nxc5 29.Qf4 Rb7 30.Ne5 f6 31.Nc4 Rd7 32.Rxd7 Nxd7 33.Qe4 Nf8 34.Qd4 
Nd7 35.b4 Qc6 36.f4 Kf7 37.Kh2 Ke7 38.Qd3 Qd5 39.Qc2 Kd8 40.Nd2 e5 41.Nf3 
exf4 42.exf4 Nf8 43.Qe2 b5 44.Qe3 Ne6 45.Kg1 Kc8 46.Kf2 Kb7 47.g4 g5 48.
fxg5 hxg5 49.Nd2 Nf4 50.Qe4 Nxh3+ 51.Ke3 Nf4 52.Qxd5+ Nxd5+ 53.Kd4 Ne7 54.
Ne4 f5 55.Nd6+ Kc6 56.Nxf5 Nxf5+ 57.gxf5 Kd6 58.Ke4 Ke7 59.Kf3 Kf7 60.Kg3 
Kg7 61.Kf3 Kf7 62.Kg3 Kg7 63.Kf3 Kf7 1/2-1/2

[Event "Airthings Masters KO 2020"]
[Site "chess24.com INT"]
[Date "2021.01.03"]
[Round "3.23"]
[White "Aronian, L"]
[Black "Radjabov, T"]
[Result "1/2-1/2"]
[WhiteElo "2781"]
[BlackElo "2765"]
[EventDate "2020.12.29"]
[WhiteTitle "GM"]
[BlackTitle "GM"]
[WhiteFideId "13300474"]
[BlackFideId "13400924"]

1.e4 e5 2.Nf3 Nc6 3.Bc4 Bc5 4.c3 Nf6 5.d3 d6 6.Bg5 Qe7 7.O-O Bb6 8.Nbd2 
Be6 9.b4 O-O 10.a4 a6 11.Bd5 h6 12.Bh4 g5 13.Bxe6 Qxe6 14.Bg3 Ne7 15.Nc4 
Ba7 16.Ne3 c6 17.Re1 Rad8 18.Qc2 Rfe8 19.Rad1 b5 20.c4 Bxe3 21.Rxe3 Ng6 
22.h3 Nh5 23.Rc1 Nhf4 24.d4 Qf6 25.Rd1 Kg7 26.axb5 axb5 27.cxb5 cxb5 28.
Qc6 Rb8 29.Qd7 Red8 30.Qg4 Qe6 31.Bxf4 gxf4 32.Qxe6 fxe6 33.Ra3 Ra8 34.
Rxa8 Rxa8 35.dxe5 dxe5 36.h4 Kf6 37.h5 Ne7 38.Rd7 Ra4 39.Nxe5 Kxe5 40.Rxe7
Kf6 41.Re8 Rxb4 42.f3 Rb2 43.Kh2 b4 44.Kh3 b3 45.Rb8 Ke5 46.Rb6 Rb1 47.Kg4
Rg1 48.Rb5+ Kd4 49.Rxb3 Rxg2+ 50.Kxf4 Rg5 51.Rb4+ Kd3 52.e5 Rxh5 53.Rb6 
Rf5+ 54.Kg4 h5+ 55.Kh4 Rxe5 56.f4 Rf5 57.Rxe6 Rxf4+ 58.Kxh5 Re4 59.Rxe4 
Kxe4 1/2-1/2

[Event "Airthings Masters KO 2020"]
[Site "chess24.com INT"]
[Date "2020.12.30"]
[Round "1.23"]
[White "Radjabov, T"]
[Black "Nepomniachtchi, I"]
[Result "1/2-1/2"]
[WhiteElo "2765"]
[BlackElo "2784"]
[EventDate "2020.12.29"]
[WhiteTitle "GM"]
[BlackTitle "GM"]
[WhiteFideId "13400924"]
[BlackFideId "4168119"]

1.Nf3 f5 2.g3 Nf6 3.Bg2 g6 4.b3 Bg7 5.Bb2 d6 6.d4 a5 7.c4 a4 8.O-O O-O 9.
Nbd2 c6 10.Qc2 Na6 11.Bc3 axb3 12.axb3 Bd7 13.Rfe1 Nc7 14.Rxa8 Qxa8 15.e4 
fxe4 16.Nxe4 Bf5 17.Nxf6+ Bxf6 18.Qb2 b5 19.h4 bxc4 20.bxc4 Rb8 21.Qd2 Rb3
22.Ra1 Qb8 23.Rc1 Rb1 24.Kh2 Qb3 25.Rxb1 Bxb1 26.Qe3 c5 27.Nd2 cxd4 28.
Bxd4 Qxe3 29.Bxe3 Bd3 30.c5 d5 31.f4 Kf7 32.c6 Ke6 33.Bb6 Kd6 34.Bxc7+ 
Kxc7 35.Bxd5 Bb5 36.Ne4 Bxc6 37.Bxc6 Kxc6 38.Kg2 Kd5 39.Kf3 h5 40.Nf2 e5 
41.fxe5 Kxe5 1/2-1/2

[Event "Airthings Masters KO 2020"]
[Site "chess24.com INT"]
[Date "2021.01.03"]
[Round "3.21"]
[White "Aronian, L"]
[Black "Radjabov, T"]
[Result "1/2-1/2"]
[WhiteElo "2781"]
[BlackElo "2765"]
[EventDate "2020.12.29"]
[WhiteTitle "GM"]
[BlackTitle "GM"]
[WhiteFideId "13300474"]
[BlackFideId "13400924"]

1.e4 e5 2.Nf3 Nc6 3.Bc4 Bc5 4.c3 Nf6 5.d3 O-O 6.O-O d6 7.Bg5 h6 8.Bh4 g5 
9.Bg3 a5 10.Re1 Re8 11.Nbd2 Ba7 12.Nf1 Be6 13.Bb5 Bd7 14.Ne3 Ne7 15.a4 c6 
16.Bc4 Ng6 17.Qc2 Nf4 18.Rad1 Qe7 19.d4 exd4 20.Bxf4 gxf4 21.e5 dxe3 22.
Qg6+ Kh8 23.Qxh6+ Nh7 24.Bd3 exf2+ 25.Kf1 fxe1=Q+ 26.Rxe1 Bf5 27.Bxf5 f6 
28.exf6 Qf7 29.Re6 Rxe6 30.Ng5 Rxf6 31.Nxf7+ Rxf7 32.Bxh7 Rxh7 33.Qf6+ Kg8
34.Qg6+ Rg7 35.Qe6+ Rf7 36.Qg6+ Kf8 37.Qxd6+ Kg7 38.Qe5+ Kg6 39.Qe6+ Kg7 
40.Qe5+ Kg6 41.Qe6+ Kg7 42.Qe5+ 1/2-1/2